000
00307nam a2200121Ia 4500
008
190216s9999||||xx |||||||||||||| ||und||
100
_a
Stanley Wolpert
245
0
_a
New History Of India
260
_b
Oxford University Press
_c
1982
300
_a
472p
650
_a
Indian History-Modern India
942
_c
BK
999
_c
19493
_d
19493